[Event "Arequipa Llerena Memorial U2200"]
[Site "Arequipa"]
[Date "2016.12.09"]
[Round "3.12"]
[White "Sumaria Choqueluque, Alessandr"]
[Black "Anazco Huamanquispe, Miguel"]
[Result "1-0"]
[WhiteElo "1380"]
[BlackElo "1747"]
[PlyCount "63"]
[EventDate "2016.12.08"]
[EventType "swiss"]
[EventRounds "7"]
[EventCountry "PER"]
[SourceTitle "EXT 2024"]
[Source "ChessBase"]
[SourceDate "2023.10.10"]
[SourceVersion "1"]
[SourceVersionDate "2023.10.10"]
[SourceQuality "1"]

1. c4 e6 2. g3 d5 3. Bg2 Nf6 4. Nf3 c6 5. 0-0 dxc4 6. Qc2 b5 7. a4 Bb7 8. Ne5 Qc7 9. Nf3 Bd6 10. Nd4 Be5 11. Nf3 a6 12. Nxe5 Qxe5 13. d3 cxd3 14. Qxd3 0-0 15. Nc3 Nd5 16. Nxd5 exd5 17. e4 dxe4 18. Bxe4 h6 19. Qc2 Kh8 20. Bf4 Qf6 21. Rfd1 Re8 22. Rd6 Qe7 23. Bf3 f6 24. Bh5 Rg8 25. Qd2 g5 26. Re1 Qg7 27. Be3 Bc8 28. Bd4 Rf8 29. Re8 Nd7 30. Rde6 Bb7 31. R8e7 Qg8 32. Bc3 1-0

[Event "South America-ch U14 12th"]
[Site "Santa Cruz"]
[Date "2015.12.05"]
[Round "5"]
[White "Zambrano Acebo, Jean Carlos"]
[Black "Anazco Huamanquispe, Miguel"]
[Result "1-0"]
[WhiteElo "1658"]
[BlackElo "1882"]
[PlyCount "42"]
[EventDate "2015.12.02"]
[EventType "swiss"]
[EventRounds "9"]
[EventCountry "BOL"]
[SourceTitle "CBM 170 Extra"]
[Source "ChessBase"]
[SourceDate "2016.02.25"]
[SourceVersion "1"]
[SourceVersionDate "2016.02.25"]
[SourceQuality "1"]

1. e4 e5 2. Nf3 Nc6 3. Bb5 Nf6 4. 0-0 Bc5 5. Re1 d6 6. h3 0-0 7. c3 a6 8. Bxc6 bxc6 9. d4 exd4 10. cxd4 Bb4 11. Bd2 Bxd2 12. Nbxd2 Re8 13. Rc1 Bb7 14. Qc2 h6 15. b4 a5 16. a3 axb4 17. axb4 Ra7 18. Nc4 c5 19. e5 dxe5 20. dxe5 Bxf3 21. gxf3 Nd7 1-0